000 00465nam a22001697a 4500
005 20251108164357.0
008 250721s1992 xx 000 0 ara d
082 1 4 _a811.02/أمي
100 1 _aناصيف، إميل
245 1 0 _aأروع ما قيل في المديح /
264 1 _aبيروت :
_bدار الجيل،
_c1992.
300 _a160 ص
650 1 7 _aالشعر العربي
650 1 7 _aشعر المديح
942 _2ddc
_cBK
999 _c10668
_d10668